Central Library OPAC University of Rajshahi

Civil liberties and the Constitution : (Record no. 4336)

MARC details
000 -LEADER
fixed length control field 00880cam a2200277 i 4500
001 - CONTROL NUMBER
control field 4336
003 - CONTROL NUMBER IDENTIFIER
rucl marc code BD-RjUL
005 - DATE AND TIME OF LATEST TRANSACTION
control field 20211208233856.0
008 - FIXED-LENGTH DATA ELEMENTS--GENERAL INFORMATION
fixed length control field 131222s1978 nju b 001 0 eng
020 ## - INTERNATIONAL STANDARD BOOK NUMBER
International Standard Book Number 0131349570 :
035 ## - SYSTEM CONTROL NUMBER
System control number (BD-RjUL)4371
040 ## - CATALOGING SOURCE
Original cataloging agency DLC
Transcribing agency DLC
Modifying agency DLC
-- BD-RjUL
Language of cataloging eng
041 ## - LANGUAGE CODE
Language code of text/sound track or separate title eng
082 00 - DEWEY DECIMAL CLASSIFICATION NUMBER
Classification number 342.73085
Edition number 19
Author mark and year BAC 1978
100 1# - MAIN ENTRY--PERSONAL NAME
Personal name Barker, Lucius Jefferson,
Dates associated with a name 1928-
9 (RLIN) 13727
245 10 - TITLE STATEMENT
Title Civil liberties and the Constitution :
Remainder of title cases and commentaries /
Statement of responsibility, etc. Lucius J. Barker, Twiley W. Barker, Jr.
250 ## - EDITION STATEMENT
Edition statement 3d ed.
260 ## - PUBLICATION, DISTRIBUTION, ETC. (IMPRINT)
Place of publication, distribution, etc. Englewood Cliffs, N.J. :
Name of publisher, distributor, etc. Prentice-Hall,
Date of publication, distribution, etc. c1978.
300 ## - PHYSICAL DESCRIPTION
Pagination xii, 397 p. ;
Size 24 cm.
504 ## - BIBLIOGRAPHY, ETC. NOTE
Bibliography, etc Includes bibliographies and index.
650 #0 - SUBJECT ADDED ENTRY--TOPICAL TERM
Topical term or geographic name as entry element Civil rights
Geographic subdivision United States.
9 (RLIN) 13728
700 1# - ADDED ENTRY--PERSONAL NAME
Personal name Barker, Twiley Wendell,
Dates associated with a name 1926-
942 ## - ADDED ENTRY ELEMENTS (KOHA)
Source of classification or shelving scheme Dewey Decimal Classification
Koha item type Books
Holdings
Lost status Source of classification or shelving scheme Damaged status Not for loan Collection code Permanent Location Current Location Shelving location Date acquired Source of acquisition Cost, normal purchase price Total Checkouts Full call number Date last seen Copy number Koha item type
  Dewey Decimal Classification     Non-fiction Central Library, University of Rajshahi Central Library, University of Rajshahi   09/08/1989 Not found 0.00   342.73085 BAC 1978 22/12/2013 C-6 Books
  Dewey Decimal Classification     Non-fiction Central Library, University of Rajshahi Central Library, University of Rajshahi   04/09/1985 Asia foundation     342.73085 BAC 1978 26/12/2013 C-2 Books